000 00310nam a2200133Ia 4500
008 150201s2008 xx 000 0 und d
082 _a611
_bG08S
100 _aSINGH,VISHRAM
245 _aGENERAL ANATOMY
250 _a1ST
260 _bELSEVIER
_aDELHI
_c2008
650 _aHUMAN ANATOMY
942 _2ddc
_cBK
_072
999 _c1127
_d1127